| 000 | 00741fam a2200265 a 4500 | ||
|---|---|---|---|
| 005 | 20260322212047.0 | ||
| 008 | data | ||
| 010 | _a 98008168 | ||
| 020 | _a0785214240 | ||
| 020 | _a9780785214243 | ||
| 040 |
_aDLC _cDLC _dCtY-D |
||
| 050 | 0 | 0 |
_aBS2410 _b.B355 1998 |
| 079 | _aocm39162240 | ||
| 082 | 0 | 0 |
_a225.9/5 _221 |
| 092 | _a225.9 Bel 1998 | ||
| 100 | 1 |
_aBell, Albert A., _d1945- |
|
| 245 | 1 | 0 |
_aExploring the New Testament world / _cAlbert A. Bell. |
| 260 |
_aNashville : _bT. Nelson Publishers, _c1998. |
||
| 300 |
_axiv, 322 p. : _bill. ; 24 cm. |
||
| 504 | _aIncludes bibliographical references and index. | ||
| 630 | 0 | 0 |
_aBible. _pN.T. _xHistory of contemporary events. |
| 927 | _a9810RO | ||
| 928 | _aAC042999 | ||
| 001 | data | ||
| 999 |
_c1114 _d1114 |
||